000 00593nam a2200193 i 4500
001 40764
003 ES-MaACL
005 20250804063358.0
007 t|
008 030307s1973 sp ||||1| spa d
100 1 _aCapmany, Maria Aurèlia,
_d1918-1991
_934865
245 1 0 _aCarta abierta al macho ibérico /
_cMaría Aurelia Capmany.
260 _a[Madrid] :
_bEdiciones 99,
_c[1973]
300 _a114 p. ;
_c21 cm.
490 1 _aColección "Carta abierta"
830 0 _aColección "Carta abierta"
_9229756
852 _aES-MaACL
_jC-55626
_bR.88202
999 _c40764
_d40764